000 00678nam a22002657a 4500
001 BR0305032
003 BR-BrBNA
005 20230928101409.0
007 ta
008 230509b bl.||||| |||| 00| 0 por d
040 _aBR-BrBNA
_bpor
_cBiblioteca Nacional de Agricultura
041 _a(Por)
072 _aE71
090 _ E71 BR0305032
100 1 _aLongo, M.(ed.)
245 1 _aO Brasil e a Alca: tributação e integração
260 3 _aSão Paulo, SP (Brasil):
_c2001.
300 _a225 p.
650 _aMERCADO INTERNACIONAL
650 _aCOMÉRCIO EXTERIOR
650 _aALCA
650 _aIMPOSTO
909 _a202309
_bLucia
_c55
_dLucia Elande
942 _cBK
999 _c65622
_d65622